00322nam a2200133Ia 4500003000400000005001700004008004100021020001900062040002000081100001600101245005400117260000800171260000900179OSt20240222121034.0170524s9999 xx 000 0 und d a978-9332549913 cIIMT UNIVERSITY aGayankwad R 0a Op-amps and linear integrated circuit technology bPHI c2007